LEADER 01235nam2-2200373li-450 001 990000185430203316 005 20180312154653.0 035 $a0018543 035 $aUSA010018543 035 $a(ALEPH)000018543USA01 035 $a0018543 100 $a20001109d1975----km-y0itay0103----ba 101 0 $aita 102 $aIT 200 1 $aTeoria ed applicazioni dei circuiti elettrici$fJoseph A. Edminister$g[traduzionedi Carlo Bevilacqua] 210 $aMilano$cETAS libri$d1975 215 $a291 p.$cill.$d27 cm 225 2 $aCollana Schaum$v2 312 $aTrad. di: electric circuits. in copertina: 350 esercizi svolti 410 0$10010018531$12001$aCollana Schaum 610 1 $acircuiti elettrici 676 $a6213$9Ingegneria elettromagnetica e branche connesse 700 1$aEdminister,$bJoseph A.$0683 801 $aSistema bibliotecario di Ateneo dell' Università di Salerno$gRICA 912 $a990000185430203316 951 $a500 SCH (2 A)$b0006562 959 $aBK 969 $aSCI 979 $c19900321 979 $c20001110$lUSA01$h1713 979 $c20020403$lUSA01$h1626 979 $aPATRY$b90$c20040406$lUSA01$h1613 996 $aTeoria ed applicazioni dei circuiti elettrici$9908737 997 $aUNISA LEADER 01362aam 2200373I 450 001 9910710221603321 005 20160309011336.0 024 8 $aGOVPUB-C13-8ab5931b4d0e76f79fd47132fe3dba3c 035 $a(CKB)5470000002477074 035 $a(OCoLC)944188176 035 $a(EXLCZ)995470000002477074 100 $a20160309d1981 ua 0 101 0 $aeng 181 $2rdacontent 182 $2rdamedia 183 $2rdacarrier 200 12$aA review of measurements, calculations and specifications of air leakage through interior door assemblies /$fDaniel Gross 210 1$aGaithersburg, MD :$cU.S. Dept. of Commerce, National Institute of Standards and Technology,$d1981. 215 $a1 online resource 225 1 $aNBSIR ;$v81-2214 300 $a1981. 300 $aContributed record: Metadata reviewed, not verified. Some fields updated by batch processes. 300 $aTitle from PDF title page. 320 $aIncludes bibliographical references. 700 $aGross$b Daniel$0594468 701 $aGross$b Daniel$0594468 712 02$aUnited States.$bNational Bureau of Standards. 801 0$bNBS 801 1$bNBS 801 2$bGPO 906 $aBOOK 912 $a9910710221603321 996 $aA review of measurements, calculations and specifications of air leakage through interior door assemblies$93452866 997 $aUNINA